000 00392nam a2200169Ia 4500
008 210210b1939 xxu||||| |||| 00| 0 eng d
041 _aeng
082 _a519/17
100 _aBURINGTON
245 _aHigher mathematics
260 _aNew York
_bMcGraw Hill Book Co
_c1939
650 _amathematics
650 _aHigher
690 _aMathematics
700 _aTORRANCE
906 _a007878
999 _c140737
_d140737